• 首页
  • 本馆介绍
  • 公告通知
  • 最新文献
  • 馆藏检索
  • 电子资源
  • 读者导购
  • 参考咨询
  • 我的图书馆
  • 登录
  • 详细信息显示
  • 放入我的书架
  • 预约/预借图书
  • 作者相关作品
  • 分类相关作品
  • 丛书相关作品
  • 出版社相关作品

书目信息

  • 表格格式
  • 工作单格式
  • 卡片格式
题名:
生化分离技术
    
 
作者: 田亚平 编
分册:  
出版信息: 北京   化学工业出版社  2006
页数: 329页
开本: 26cm
丛书名:
单 册:
中图分类: TQ033
科图分类:
主题词: 生物化学--分离 , 生物化学
电子资源:
ISBN: 7-5025-9170-2
000 00833nam0 2200241 450
001 012007709803
005 20070522170628.65
010    @a7-5025-9170-2@dCNY50.00
100    @a20070515d2006 km y0chiy0120 ea
101 0  @achi
102    @aCN@b110000
105    @aa z 000yy
106    @ar
200 1  @a生化分离技术@Asheng hua fen li ji shu@f田亚平等编@Ftian ya ping deng bian
210    @a北京@c化学工业出版社@d2006
215    @a329页@c图@d26cm
330    @a本书共分十三章,主要介绍了各种生物样品的预处理技术、沉淀分离技术、膜分离技术、各种层析技术、电泳技术、离心分离技术、其他分离技术以及一些融合分离技术。书后还附有操作性较强的实验部分。
606 0  @a生物化学@x分离
606 0  @a生物化学
690    @aTQ033@v4
701  0 @a田亚平@Atian ya ping@c(生物技术)@4编
801  0 @aCN@bRULIN@c20070522
905    @dTQ033@e132@s8
    
    生化分离技术/田亚平等编.-北京:化学工业出版社,2006
    329页:图;26cm
    
    
    ISBN 7-5025-9170-2:CNY50.00
    本书共分十三章,主要介绍了各种生物样品的预处理技术、沉淀分离技术、膜分离技术、各种层析技术、电泳技术、离心分离技术、其他分离技术以及一些融合分离技术。书后还附有操作性较强的实验部分。
●
相关链接 在E读中查询图书 在五车中查询图书 在当当中查询图书 在豆瓣中查询图书


正题名:生化分离技术     索取号:TQ033/132         预约/预借

序号 登录号 条形码 馆藏地/架位号 状态 备注
1 0574219   205742197   第二样本阅览室/ [索取号:TQ033/132] 在馆    
2 0574220   205742204   第三借阅区/ [索取号:TQ033/132] 在馆    
3 0574221   205742213   第三借阅区/ [索取号:TQ033/132] 在馆    
4 0574222   205742222   密集书库/ [索取号:TQ033/132] 在馆    
5 0574223   205742231   密集书库/ [索取号:TQ033/132] 在馆    
6 0574224   205742240   第三借阅区/ [索取号:TQ033/132] 在馆    
7 0574225   205742259   第三借阅区/ [索取号:TQ033/132] 在馆    
8 0574226   205742268   密集书库/ [索取号:TQ033/132] 在馆    
唐山师范学院图书馆 欢迎您!
大连网信软件有限公司© 版权所有